Sports Quiz

Random Sports or NHL Quiz

Team Profile: New York Islanders Quiz Stats

 Plays Quiz not verified by Sporcle

Challenge
Share
Tweet
Embed
Score 0/28 Timer 06:00
0 Plays Today
Hint Answer % Correct
Full NameNew York Islanders
95.2%
ConferenceEastern
95.2%
ColoursRoyal Blue, Orange, & White
95.2%
Stanley Cups4
95.2%
DivisionMetropolitan
91.9%
Team CaptainJohn Tavares
91.9%
Conference Championships6
90.9%
First Stanley Cup (Year)1979-80
89.5%
Last Stanley Cup (Year)1982-83
89%
Presidents' Trophies0
87.6%
Division Championships6
87.6%
Year Founded1972
86.6%
Goaltender(s)Thomas Greiss, Jaroslav Halak
84.7%
Nickname(s)Isles
83.7%
Hint Answer % Correct
All-Time Leading in GoalsMike Bossy (573 Goals)
83.3%
ArenaBarclays Center
82.3%
Last General Manager (position currently unfilled)Garth Snow
78%
Last Head Coach (position currently unfilled)Doug Weight
77.5%
All-Time Leading in PointsBryan Trottier (1353 Points)
76.6%
All-Time Leading in Wins (Goaltender)Billy Smith (304 Wins)
76.6%
Longest Playoff Streak (# of Years)14
75.1%
Minor League AffiliateBridgeport Sound Tigers (AHL)
68.4%
OwnerJon Ledecky & Scott D. Malkin (Primary), Charles Wang (Minority)
67.9%
CityNew York City, NY
64.6%
Alternate CaptainCal Clutterbuck
63.3%
Alternate CaptainAndrew Ladd
60.5%
Mascot NameSparky the Dragon
57.9%
Minor League AffiliateWorcester Railers (ECHL)
26.3%

You're not logged in!

Compare scores with friends on all Sporcle quizzes.
OR
Log In

You Might Also Like...

Show Comments

Extras

Top Quizzes Today


Score Distribution

Your Account Isn't Verified!

In order to create a playlist on Sporcle, you need to verify the email address you used during registration. Go to your Sporcle Settings to finish the process.

Report this User

Report this user for behavior that violates our Community Guidelines.

Details: